1366 1912 1848 1492 1824 1798 1878 1538 1140 1923 1027 1223 1879 1411 1291 1144 1994 1470 1300 1154 1707 1656 1417 1249 1733 1464 1250 1549 1787 1953 1518 1735 1152 1352 1166 1578 1458 1458 1427 1433 1879 1921 1585 1256 1430 1449 1305 1460 1388 1911 1318 1428 1722 1651 1594 1309 1981 1600 1700 1937 1065 1078 1569 1829 1350 1511 1226 1444 1825 1097 1179 1891 1637 1725 1347 1466 1046 1783 1082 1572 1350 1101 1021 1525 1641 1264 1029 1980 1646 1001 1366 1405 1011 1028 1799 1527 1684 1726 1173 BCNSPRNW ULIB Ver.6.0+V

เปลี่ยนเป็นภาษาไทย

Change to English
 แสดงรายละเอียดบรรณานุกรม
  กลับหน้าหลัก

Brief Record : Get Marc (ISO 2709) : E-mail record : QR code < ปิดหน้าต่าง
LEADER : 00000nam 2200000uu 4500
001    13399113627
003     ULIB
008    111207s2552||||th 000 0 tha d
020    ^a9786115020126
090    ^aนว.^bห215ท 2552
100 0  ^aหยกในโอปอล
245 00 ^aทาสรักกลเสน่หา/^cหยกในโอปอล
250    ^aพิมพ์ครั้งที่ 1
260    ^aกรุงเทพฯ :^bSugar Beat,^c2552
300    ^a292 หน้า
710 1  ^aSugar Beat
945    ^p200^l0^i15782
995    ^aทศพร
999 ^a ทศพร
รายการนี้ยังไม่มีแท็ก
คุณยังไม่ได้ล็อกอิน คุณสามารถมีกิจกรรมร่วมกับเว็บไซต์ได้ แต่ต้องล็อกอินก่อน ::
  ล็อกอิน

รายการสื่อสารสนเทศ

ลำดับที่ ประเภท เลขเรียก/บาร์โค้ด สถานที่ สถานะ
1. นวนิยาย
นวนิยาย
นว. ห215ท 2552 ฉ.1 
  Barcode: 15782
ห้องสมุดวิทยาเขตสวรรค์ประชารักษ์
►นวนิยาย
บนชั้น
  ขอยืม

BibComment


ยังไม่เคยถูกคอมเมนท์

คอมเมนท์ทรัพยากรรายการนี้
  คอมเมนท์: ทาสรักกลเสน่หา ห..


 Copyright 2026. Bcnsprnw @Library